000 00986nam a2200277 a 4500
001 BRCA_5426
005 20190320205055.0
008 131210s1936----u--a######---#000-0#eng-#
041 _aeng
044 _au
050 4 _aND635
_b.M36 1936
100 1 _aMander, Carel van
_913860
245 1 0 _aDutsch and flemish painters
_cCarel van Mander ; translation from the Shilderboeck and introductory by Constant van de Wall.
260 _aEstados Unidos
_bMcFarlne, Warde, McFarlane
_c1936
300 _alxix, 560 p.
_c24 cm.
500 _aLa 1a edición del ´Schilderboeck´ fue impresa en 1604 en Alkmaar y publicada en Haarleem
500 _aCon Ex-libris de: H H Behrens
500 _aIncluye referencias bibliográficas, índice alfabético y apéndices
500 _aE143
650 1 4 _aPintores holandeses
_913861
650 1 4 _aPintores flamencos
_97571
650 1 4 _aPintura
_zPaíses Bajos
_913692
650 1 4 _aPintura
_xHistoria
_913862
902 _aGFM
942 _2lcc
_cB
999 _c5120
_d5120